00458nam a22001577a 450000500170000001000150001702000260003203500130005803700130007108200060008410000250009024500570011526000440017227000630021630000210027920141125113948.0 aENG-111279 a9789350092736c299.00 aEN-94811 bDBAD/PUB aN aKrishnan, Abirami M. aHow to screw up like a pro /cby Abirami M. Krishnan aGurgaonbHachette Book Publishingc2014 a4th/5th Floors, Corporate Center, Sec. 44bGurgaone122003 a229p.c20cm(pbk)